Konjugation von velle - Statistiken

Allgemein
  • Dieses Quiz wurde 11 mal gespielt
  • Das Durchschnittsergebnis liegt bei 41 aus 62
Antwortstatistiken
Group Hint Antwort % Korrekt
Infinitive Inf. Präs. Akt. velle
88%
Imperfekt 2. Sg. Impf. Konj. Akt. velles
88%
Präsens 1. Sg. volo
88%
Imperfekt 1. Sg. Impf. Konj. Akt. vellem
75%
Imperfekt 1. Pl. Impf. Konj. Akt. vellemus
75%
Imperfekt 3. Pl. Impf. Konj. Akt. vellent
75%
Imperfekt 3. Sg. Impf. Konj. Akt. vellet
75%
Imperfekt 2. Pl. Impf. Konj. Akt. velletis
75%
Futur I 1. Sg. Fut. Ind. Akt. volam
75%
Imperfekt 1. Sg. Impf. Ind. Akt. volebam
75%
Imperfekt 1. Pl. Impf. Ind. Akt. volebamus
75%
Imperfekt 3. Pl. Impf. Ind. Akt. volebant
75%
Imperfekt 2. Sg. Impf. Ind. Akt. volebas
75%
Imperfekt 3. Sg. Impf. Ind. Akt. volebat
75%
Imperfekt 2. Pl. Impf. Ind. Akt. volebatis
75%
Futur I 1. Pl. Fut. Ind. Akt. volemus
75%
Futur I 3. Pl. Fut. Ind. Akt. volent
75%
Futur I 2. Sg. Fut. Ind. Akt. voles
75%
Futur I 3. Sg. Fut. Ind. Akt. volet
75%
Futur I 2. Pl. Fut. Ind. Akt. voletis
75%
Perfekt 3. Pl. Perf. Ind. Akt. voluerunt
75%
Perfekt 1. Sg. Perf. Ind. Akt. volui
75%
Perfekt 1. Pl. Perf. Ind. Akt. voluimus
75%
Infinitive Inf. Perf. Akt. voluisse
75%
Perfekt 2. Sg. Perf. Ind. Akt. voluisti
75%
Perfekt 2. Pl. Perf. Ind. Akt. voluistis
75%
Perfekt 3. Sg. Perf. Ind. Akt. voluit
75%
Präsens 3. Pl. volunt
75%
Präsens 3. Sg. vult
75%
Präsens 2. Pl. vultis
75%
Präsens 2. Sg. vis
63%
Perfekt 1. Sg. Perf. Konj. Akt. voluerim
63%
Perfekt 1. Pl. Perf. Konj. Akt. voluerimus
63%
Futur II 1. Pl. Fut. II Akt. voluerimus
63%
Perfekt 3. Pl. Perf. Konj. Akt. voluerint
63%
Futur II 3. Pl. Fut. II Akt. voluerint
63%
Perfekt 2. Sg. Perf. Konj. Akt. volueris
63%
Futur II 2. Sg. Fut. II Akt. volueris
63%
Perfekt 3. Sg. Perf. Konj. Akt. voluerit
63%
Futur II 3. Sg. Fut. II Akt. voluerit
63%
Perfekt 2. Pl. Perf. Konj. Akt. volueritis
63%
Futur II 2. Pl. Fut. II Akt. volueritis
63%
Futur II 1. Sg. Fut. II Akt. voluero
63%
Plusquamperfekt 1. Sg. PQP Konj. Akt. voluissem
63%
Plusquamperfekt 1. Pl. PQP Konj. Akt. voluissemus
63%
Plusquamperfekt 3. Pl. PQP Konj. Akt. voluissent
63%
Plusquamperfekt 2. Sg. PQP Konj. Akt. voluisses
63%
Plusquamperfekt 3. Sg. PQP Konj. Akt. voluisset
63%
Plusquamperfekt 2. Pl. PQP Konj. Akt. voluissetis
63%
Plusquamperfekt 1. Sg. PQP Ind. Akt. volueram
50%
Plusquamperfekt 1. Pl. PQP Ind. Akt. volueramus
50%
Plusquamperfekt 3. Pl. PQP Ind. Akt. voluerant
50%
Plusquamperfekt 2. Sg. PQP Ind. Akt. volueras
50%
Plusquamperfekt 3. Sg. PQP Ind. Akt. voluerat
50%
Plusquamperfekt 2. Pl. PQP Ind. Akt. volueratis
50%
Präsens 1. Pl. volumus
50%
Präsens 1. Sg. Präs. Konj. Akt. velim
38%
Präsens 1. Pl. Präs. Konj. Akt. velimus
38%
Präsens 3. Pl. Präs. Konj. Akt. velint
38%
Präsens 2. Sg. Präs. Konj. Akt. velis
38%
Präsens 3. Sg. Präs. Konj. Akt. velit
38%
Präsens 2. Pl. Präs. Konj. Akt. velitis
38%
Keine übereinstimmenden Quizze gefunden
Verteilung der Resultate
Anzahl Personen mit jedem Resultat
Perzentil nach korrekt beantworteten Fragen
Ihre Resultats-Entwicklung
Sie haben dieses Quiz noch nicht gespielt